Capitals of U.S. States - Statistics

General Stats
  • This quiz has been taken 98 times
    75 since last reset
  • The average score is 43 of 50
Answer Stats
Question Answer % Correct
What is the capital of Arizona ? Phoenix
100%
What is the capital of Colorado ? Denver
98%
What is the capital of Hawaii ? Honolulu
98%
What is the capital of Idaho ? Boise
95%
What is the capital of Massachusetts ? Boston
95%
What is the capital of Indiana ? Indianapolis
95%
What is the capital of Arkansas ? Little Rock
95%
What is the capital of Georgia ? Atlanta
93%
What is the capital of Mississippi ? Jackson
93%
What is the capital of Florida ? Tallahassee
93%
What is the capital of Louisiana ? Baton Rouge
91%
What is the capital of Iowa ? Des Moines
91%
What is the capital of Alaska ? Juneau
91%
What is the capital of Rhode Island ? Providence
91%
What is the capital of Virginia ? Richmond
91%
What is the capital of Utah ? Salt Lake City
91%
What is the capital of New York ? Albany
89%
What is the capital of Texas ? Austin
89%
What is the capital of Nebraska ? Lincoln
89%
What is the capital of Washington ? Olympia
89%
What is the capital of California ? Sacramento
89%
What is the capital of Wyoming ? Cheyenne
86%
What is the capital of Alabama ? Montgomery
86%
What is the capital of Illinois ? Springfield
86%
What is the capital of Maryland ? Annapolis
84%
What is the capital of Maine ? Augusta
84%
What is the capital of North Dakota ? Bismarck
84%
What is the capital of Nevada ? Carson City
84%
What is the capital of Ohio ? Columbus
84%
What is the capital of Kentucky ? Frankfort
84%
What is the capital of Missouri ? Jefferson City
84%
What is the capital of Wisconsin ? Madison
84%
What is the capital of Oklahoma ? Oklahoma City
84%
What is the capital of North Carolina ? Raleigh
84%
What is the capital of New Mexico ? Santa Fe
84%
What is the capital of Kansas ? Topeka
84%
What is the capital of Delaware ? Dover
82%
What is the capital of Connecticut ? Hartford
82%
What is the capital of Vermont ? Montpelier
82%
What is the capital of Tennessee ? Nashville
82%
What is the capital of South Dakota ? Pierre
82%
What is the capital of New Jersey ? Trenton
82%
What is the capital of West Virginia ? Charleston
80%
What is the capital of New Hampshire ? Concord
80%
What is the capital of Montana ? Helena
80%
What is the capital of Pennsylvania ? Harrisburg
77%
What is the capital of Michigan ? Lansing
77%
What is the capital of Oregon ? Salem
77%
What is the capital of South Carolina ? Columbia
73%
What is the capital of Minnesota ? Saint Paul
73%
No matching quizzes found
Score Distribution
Percent of People with Each Score
Percentile by Number Answered
Your Score History
You have not taken this quiz since the last reset